000 00284nam a22001337a 4500
008 190205b xxu||||| |||| 00| 0 eng d
020 _a9780307946041
041 _aeng
080 _22015ed
_a371
100 _a25
101 _aEDU
245 _aGED Test
_cMartz, G
942 _2udc
_cBK
999 _c54076
_d54076